Flaggen mit Weiß - Sudden Death - Statistiken

Allgemein
  • Dieses Quiz wurde 217 mal gespielt
  • Das Durchschnittsergebnis liegt bei 8 aus 24
Answers on the Grid
Answers color-coded by a green-red scale on the quiz's grid according to % correct below.
Algerien
Bhutan
Botswana
Komoren
Dschibuti
Honduras
Marshallinseln
Kiribati
Libyen
Malediven
Myanmar
Nepal
Paraguay
Portugal
Russland
Samoa
Slowenien
Südafrika
Surinam
Thailand
Timor-Leste
Ungarn
Jemen
Simbabwe
Albanien
Armenien
Bangladesch
Tschad
Kolumbien
Deutschland
Guinea Bissau
Kasachstan
Liechtenstein
Malawi
Palau
Republik Kongo
St. Vincent und die Grenadinen
Senegal
Sri Lanka
Schweden
Tansania
Ukraine
Vanuatu
Sambia
Gabun
China
Burkina Faso
Belgien
 
Antwortstatistiken
Antwort % Korrekt
Russland
69%
Slowenien
62%
Ungarn
61%
Algerien
52%
Thailand
49%
Honduras
48%
Paraguay
45%
Nepal
41%
Jemen
37%
Bhutan
32%
Marshallinseln
32%
Botswana
31%
Südafrika
28%
Dschibuti
27%
Kiribati
27%
Komoren
18%
Samoa
17%
Surinam
17%
Libyen
15%
Malediven
15%
Myanmar
15%
Portugal
11%
Simbabwe
11%
Timor-Leste
8%
Keine übereinstimmenden Quizze gefunden
Verteilung der Resultate
Anzahl Personen mit jedem Resultat
Perzentil nach korrekt beantworteten Fragen
Ihre Resultats-Entwicklung
Sie haben dieses Quiz noch nicht gespielt